000 00586nam a2200241 a 4500
001 nice12345678
003 IN_TiNIC
005 20260116011632.0
008 050524s1959 lona grp 000 0 eng
020 _a
_c100
082 0 0 _a201
_bMAC
100 _aMaclntyre, Alasdir C
245 _aDifficulties in Christian Belief
260 _aLondon
_bScm Press
_c1959
300 _a119p
500 _aincludes index and biblioraphy
505 2 _aIndex
650 _aPhilosophy and Religion
700 1 _aMaclntyre, Alasdir C
902 _bSRS
942 _cBK
999 _c3019
_d3019